| 000 | 00000nam##2200000za#4500 |
| 001 | 9.578189 |
| 003 | CaOODSP |
| 005 | 20210624185952 |
| 007 | cr ||||||||||| |
| 008 | 150406|1985||||xxc|||||o f|0| 0 eng|d |
| 022 | |a1488-5379 |
| 040 | |aCaOODSP|beng |
| 043 | |an-cn--- |
| 086 | 1 |aFs97-6/1397E-PDF |
| 110 | 1 |aCanada. |bDepartment of Fisheries and Oceans. |
| 245 | 13|aAn account of an experimental release of marked juvenile Chinook to freshwater, estuarine, and marine habitats near Campbell River, B.C., 1984 / |h[electronic resource]|cby M.S. Kotyk ... [et al.] |
| 260 | |aNanaimo - British Columbia : |bFisheries and Oceans Canada |c1985. |
| 300 | |a35p.|bfigs., references, tables |
| 490 | 1 |aCanadian technical report of fisheries and aquatic sciences|x1488-5379|vNo. 1397 |
| 500 | |aOn t.p.: Pacific Biological Station, Nanaimo, British Columbia. The catalogue number and ISSN for the print edition appear in the PDF version. |
| 546 | |a(Résumé en français) |
| 590 | |a13-28-Supp|b2013-12-09 |
| 720 | 1 |aKotyk, M. |
| 830 | #0|aCanadian technical report of fisheries and aquatic sciences,|x1488-5379|vNo. 1397|w(CaOODSP)9.504449 |
| 856 | 40|ahttp://publications.gc.ca|qPDF|s10,175 KB|uhttps://publications.gc.ca/collections/collection_2013/mpo-dfo/Fs97-6-1397-eng.pdf|yNo. 1397 |